| 000 | 00464nam a2200169 i 4500 | ||
|---|---|---|---|
| 001 | 68234 | ||
| 003 | ES-MaACL | ||
| 005 | 20230906170229.0 | ||
| 007 | t| | ||
| 008 | 040611s1979 sp ||||1| spa d | ||
| 100 | 1 |
_aGarcía, Ramiro. _954088 |
|
| 245 | 1 | 0 |
_aVoces del camino / _cRamiro García. |
| 260 |
_a[Gijón : _bLa Industria, _c1979] |
||
| 300 |
_a105 p. : _bil. ; _c21 cm. |
||
| 852 |
_aES-MaACL _jF-15602 _bR.100799 |
||
| 852 |
_aES-MaACL _jL-213 _bR.100800 |
||
| 999 |
_c68234 _d68234 |
||